000 01792nam a2200493 i 4500
001 10148
003 KOSZ 005
005 20220802112729.0
008 220802s1964 pl a f f 001 0 pol
015 _aPB 1965/387
035 _a991040601109705066
035 _a(PL-WaBN)b2084864x-48omnis_nlop
035 _ab2084864x
035 _a(OCoLC)233510646
035 _a(PL)b0000002084864
035 _a(EXLNZ-48OMNIS_NETWORK)9910431333005606
040 _aWA N
_cWA N
_dKOSZ 005/EG
_dKOSZ 005/RW
046 _k1952
080 _a624.131
080 _a(075.8)
100 1 _aPiętkowski, Radzimir
_d(1888-1970)
_eAutor
245 1 0 _aMechanika gruntów /
_cRadzimir Piętkowski, Roman Czarnota-Bojarski.
250 _aWydanie 3 rozszerzone i uzupełnione.
260 _aWarszawa :
_b"Arkady",
_c1964.
300 _a291, [1] stron :
_bilustracje ;
_c25 cm.
336 _aTekst
_btxt
_2rdacontent
337 _aBez urządzenia pośredniczącego
_bn
_2rdamedia
338 _aWolumin
_bnc
_2rdacarrier
380 _aKsiążki
380 _aPublikacje dydaktyczne
385 _mPoziom nauczania
_aSzkoły wyższe
388 1 _a1901-2000
388 1 _a1945-1989
504 _aBibliografia na stronach 288-289. Indeks.
521 8 _aKsiążka ta jest podręcznikiem dla studentów wyższych szkół technicznych oraz dla inżynierów i techników budowlanych.
650 7 _aMechanika gruntów
_2DBN
655 7 _aPodręczniki akademickie
_2DBN
658 _aInżynieria i technika
700 1 _aCzarnota-Bojarski, Roman
_d(1909-1978)
_eAutor
710 2 _aWydawnictwo Arkady
_4pbl
856 _uhttp://koha.tu.koszalin.pl/cgi-bin/koha/opac-detail.pl?biblionumber=10148
_yKatalog online BPK
942 _2UKD
_cKS
999 _c10148
_d10148